|
|
|
|
| LEADER |
00821nab a2200241 i 4500 |
| 001 |
misc66331 |
| 005 |
20240918154121.0 |
| 008 |
230906s1948 hu o 000 fre d |
| 040 |
|
|
|a SZTE Miscellanea Repozitórium
|b hun
|
| 041 |
|
|
|a fre
|
| 041 |
|
|
|a ara
|
| 100 |
1 |
|
|a Vajda Georges
|
| 245 |
1 |
0 |
|a Un bulletin de victoire de Bajazet II
|h [elektronikus dokumentum] /
|c Vajda Georges
|
| 260 |
|
|
|a Geuthner
|b Paris
|c 1948
|
| 300 |
|
|
|a 87-102
|c 25 cm
|
| 300 |
|
|
|a [16] p.
|c 25 cm
|
| 490 |
0 |
|
|a Journal Asiatique
|
| 561 |
|
|
|a Németh Gyula hagyaték
|
| 591 |
|
|
|a NOZ 6279
|
| 650 |
|
4 |
|a Bölcsészettudományok
|
| 650 |
|
4 |
|a Történettudomány és régészet
|
| 695 |
|
|
|a Oszmán Birodalom története - 15-16. sz. - forrás, II. Bajazid - szultán
|
| 856 |
4 |
0 |
|u http://misc.bibl.u-szeged.hu/66331/1/6279_noz.pdf
|z Dokumentum-elérés
|